Cities of the Sacramento Urban Area, California - Statistics

General Stats
  • This quiz has been taken 12 times
  • The average score is 12 of 25
Answer Stats
Population County Answer % Correct
526,384 Sacramento Sacramento
92%
55,842 Yolo West Sacramento
92%
178,444 Sacramento Elk Grove
83%
159,135 Placer Roseville
83%
84,782 Sacramento Folsom
75%
86,239 Sacramento Citrus Heights
67%
97,049 Sacramento Arden-Arcade
58%
50,553 El Dorado El Dorado Hills
58%
82,605 Sacramento Rancho Cordova
58%
73,472 Placer Rocklin
58%
14,942 Sacramento Lemon Hill
50%
78,070 Sacramento Carmichael
42%
54,538 Placer Lincoln
42%
6,779 Placer Loomis
42%
47,900 Sacramento North Highlands
42%
49,080 Sacramento Antelope
33%
49,536 Sacramento Florin
33%
5,675 Sacramento Fruitridge Pocket
33%
7,661 Sacramento Gold River
33%
21,378 Placer Granite Bay
33%
35,219 Sacramento Orangevale
33%
11,503 Sacramento La Riviera
25%
23,448 Sacramento Rosemont
25%
42,645 Sacramento Vineyard
25%
32,030 Sacramento Fair Oaks
17%
No matching quizzes found
Score Distribution
Percent of People with Each Score
Percentile by Number Answered
Your Score History
You have not taken this quiz